000 00350nam a2200121Ia 4500
005 20260328104345.0
008 260328s9999||||xx |||||||||||||| ||und||
100 _aFrancois, Arnaud
245 0 _aVisitas Buenos Aires 2024 :
_b una guia dinámica de preparación de Viajes /
_cArnaud Francois
300 _a99 p.
650 _aARGENTINA
942 _cBK
999 _c12294
_d12294